000 01086nam a22004097a 4500
001 BR8708140
003 BR-BrBNA
005 20230928092755.0
007 ta
008 230509b bl.||||| |||| 00| 0 por d
040 _aBR-BrBNA
_bpor
_cBiblioteca Nacional de Agricultura
041 _a(Por)
072 _aM12; M40
_b8110
_b8134
_b8130
_b8140
090 _ 8110 BR8708140
100 1 _aMamar, R.M.
100 1 _aCyrino, J.E.P.
110 1 _aCoordenadoria de Assistencia Tecnica Integral, Campinas, SP (Brasil). Depto. de Extensao Rural
_92967
245 1 _aPiscicultura
246 1 _a[Fish culture]
260 3 _aCampinas, SP (Brasil):
_c1986.
300 _a103 p.
500 _a23 illus.; 20 tables; 18 ref.
650 _aPISCICULTURA
650 _aLIMNOLOGIA
650 _aAGUA
650 _aECOLOGIA AQUATICA
650 _aTANQUE
650 _aACUDE
650 _aINSTALACAO PARA ANIMAL
650 _aRACAO
650 _aTUCUNARE
650 _aTRUTA
650 _aTILAPIA
650 _aCARPA
909 _a202309
_bLucia
_c55
_dLucia Elande
942 _cBK
999 _c41119
_d41119